000 01275cam a22003857a 4500
003 CHAP
005 20220817042838.0
008 971013s1995 r 00010 d
010 _a57510
011 _a58482
022 _a0188-4735
035 _a62637
040 _cCHAP
090 _aFolleto 14559
100 0 0 _aMartínez Mendoza, Fernando.
_972280
245 1 0 _aIndustrialización del maíz
260 _aMorelia, Mich. :
_bFideicomisos Instituídos en Relación con la Agricultura,
_c1995.
300 _av.
_b: ilus.
410 _aFIRA
490 0 _aBoletin informativo
_v; XXVIII (271, 274)
500 _aLa biblioteca tiene: v.1 y v.2
590 _aBATCH-UPD
_b10
_c20130110
_lUCH01
_h0701
590 _aBATCH-UPD
_b10
_c20130410
_lUCH01
_h0346
590 _aBATCH-UPD
_b10
_c20130914
_lUCH01
_h0649
590 _aCONVERSION
_b10
_c20130109
_lUCH01
_h1331
650 1 4 _aMaíz
_xIndustria.
_970980
650 1 4 _aMaíz
_xProcesado.
_971040
810 _aFIRA
_941029
830 0 _aBoletin informativo
_v; XXVIII (271, 274)
901 _aBK
942 _cFOLL
949 _aFolleto 14559
_bBC
_cFOLL
_d626371
_eTS1
_fv.1
_i62637
_sb
949 _aFolleto 14559
_bBC
_cFOLL
_d626372
_eTS2
_fv.1 c.2
_i62637
_sb
949 _aFolleto 14559
_bBC
_cFOLL
_d626373
_eTS1
_fv.2
_i62637
_si
999 _c57510
_d57510